000 00995cam a2200277 a 4500
001 000005436
005 20200929151658.0
008 740425s1972 sp 001 0 spa d
040 _aDO-SdBNP
_cMBU
_dDLC
041 0 _aspalat
042 _apremarc
043 _ae-sp
082 _annnn
_bL695ó
245 1 0 _aLiber Orationum Psalmographus :
_bcolectas de salmos del antiguo rito hispánico /
_cRecomposición y edición crítica por Dom Jorge Pinell.
260 _aBarcelona ;
_aMadrid :
_bConsejo Superior de Investigaciones Científicas, Instituto F. Enrique Flórez,
_c1972.
300 _a299, 287 p. ;
_c25 cm.
490 1 _aMonumenta Hispaniae Sacra
_v9
490 1 _aSerie Litúrgica
_v9
500 _aTexto en latín y español
500 _aIncluye índice
504 _aBibliografía: p. [19]-25 (1st group).
650 0 _aCollects.
_915444
700 1 _aPinell, Dom Jorge,
_eed.
_915445
830 0 _aMonumenta Hispaniae Sacra ;
_pSerie Litúrgica ;
_v9
_915446
049 _aBNGR
999 _c5236
_d5236